[Event "Krakow op 21st"]
[Site "Krakow"]
[Date "2011.01.02"]
[Round "7"]
[White "Karagiannis, Dimitrios"]
[Black "Jacko, Vladimir"]
[Result "1-0"]
[WhiteElo "1873"]
[BlackElo "2068"]
[PlyCount "32"]
[EventDate "2010.12.27"]
[EventType "swiss"]
[EventRounds "9"]
[EventCountry "POL"]
[SourceTitle "CBM 140 Extra"]
[Source "ChessBase"]
[SourceDate "2011.03.01"]
[SourceVersion "1"]
[SourceVersionDate "2011.03.01"]
[SourceQuality "1"]

1. d4 Nf6 2. Nf3 e6 3. c4 b6 4. e3 Bb7 5. Bd3 c5 6. 0-0 Be7 7. Nc3 0-0 8. d5 d6 9. e4 e5 10. Ne1 Nbd7 11. f4 exf4 12. Bxf4 Re8 13. h3 a6 14. Nf3 Nf8 15. e5 dxe5 16. Nxe5 Bd6 1-0